| 000 | 00887nam a2200265 i 4500 | ||
|---|---|---|---|
| 001 | 17215 | ||
| 003 | ES-MaACL | ||
| 005 | 20230906151527.0 | ||
| 007 | t| | ||
| 008 | 010122s1995 sp ||||0| spa j | ||
| 020 | _a84-7651-226-0 | ||
| 040 |
_aM-BN _bspa _cM-BN |
||
| 080 | _a860-2.09"15/16" | ||
| 100 | 1 |
_aHermenegildo, Alfredo. _962746 |
|
| 245 | 1 | 0 |
_aJuegos dramáticos de la locura festiva _b: pastores, simples, bobos y graciosos del teatro clásico español / _cAlfredo Hermenegildo. |
| 260 |
_aPalma de Mallorca : _bOlañeta, _c[1995] |
||
| 300 |
_a308 p. ; _c22 cm. |
||
| 490 | 1 |
_aOro viejo ; _v2 |
|
| 504 | _aBibliografía : p. 299-308. | ||
| 650 | 4 |
_aTeatro español- _yS.XVI-XVII- _xHistoria y crítica. _917353 |
|
| 650 | 4 |
_aPersonajes literarios. _915970 |
|
| 830 | 0 |
_aOro viejo ; _v2 _9181989 |
|
| 852 |
_aES-MaACL _jL-24184 _bR.129466 |
||
| 999 |
_c17215 _d17215 |
||